Kỹ thuật gieo trồng và chế biến chè và cà phê
Salvato in:
| Autore principale: | |
|---|---|
| Natura: | Libro |
| Lingua: | Undetermined |
| Pubblicazione: |
Hà Nội
Nông Nghiệp
1998
|
| Soggetti: | |
| Tags: |
Aggiungi Tag
Nessun Tag, puoi essere il primo ad aggiungerne! !
|
| Thư viện lưu trữ: | Trung tâm Học liệu Trường Đại học Cần Thơ |
|---|
| LEADER | 00545nam a2200169Ia 4500 | ||
|---|---|---|---|
| 001 | CTU_28059 | ||
| 008 | 210402s9999 xx 000 0 und d | ||
| 082 | |a 633.7 | ||
| 082 | |b Đ110 | ||
| 100 | |a Bùi, Thế Đạt | ||
| 245 | 0 | |a Kỹ thuật gieo trồng và chế biến chè và cà phê | |
| 245 | 0 | |c Bùi Thế Đạt , Vũ Khắc Nhượng | |
| 260 | |a Hà Nội | ||
| 260 | |b Nông Nghiệp | ||
| 260 | |c 1998 | ||
| 650 | |a coffee,field crops,tea | ||
| 980 | |a Trung tâm Học liệu Trường Đại học Cần Thơ | ||